000
00311nam a2200109Ia 4500
008
200302s9999 xx 000 0 und d
100
_a
Sarah Caro
245
_a
How to publish your P H D A Practical guide for the humanitis and social sciences
260
_b
Sage Publications Inc.
260
_c
2009
300
_a
136
999
_c
7440
_d
7440